Virginia Woolf : la Minerva di Bloomsbury /

Salvato in:
Dettagli Bibliografici
Autore principale: Kotnik, Dara (Autore)
Natura: Libro
Lingua:italiano
Pubblicazione: Milano : Rusconi, 1999
Serie:Gente nel tempo
Soggetti:
Tags: Aggiungi Tag
Nessun Tag, puoi essere il primo ad aggiungerne!!

MARC

LEADER 00000nam a2200000 i 4500
001 IT\ICCU\MIL\0401773
003 ItRI
005 20260115231902.0
008 990215s1999 it |||||| ||||| |||||c
015 |2 IT  |a 99-5354 
020 |a 8818570331 
040 |b ita  |c importazione bologna sebina 
041 7 |a ita  |2 ISO-639-2 
082 |a 823.912  |9 NARRATIVA INGLESE. 1900-1945  |2 20 
100 1 |a Kotnik, Dara  |0 IT\ICCU\CFIV\039293  |4 aut 
245 1 0 |a Virginia Woolf :  |b la Minerva di Bloomsbury /  |c Dara Kotnik. 
260 |a Milano :  |b Rusconi,  |c 1999 
300 |a 223 p. ;  |c 21 cm. 
650 7 |a Woolf, Virginia  |x Biografia  |2 scbi 
830 0 |a Gente nel tempo  |0 IT\ICCU\CFI\0000953 
942 |2 ddc  |c BK  |n 0 
952 |0 0  |1 0  |4 0  |6 L_823_912000000000000_KOT  |7 0  |9 15345  |a BO  |b BO  |d 2026-01-15  |i 10048  |l 0  |o L 823.912 KOT  |p BO10048  |r 2026-01-15 23:19:02  |w 2026-01-15  |x [Sebina 5] [1 v.]  |y BK  |z 1 v. 
999 |c 13214  |d 13214